[Event "KB Czech Open"]
[Site "Pardubice CZE"]
[Date "2002.07.21"]
[Round "3"]
[White "Sandner,G"]
[Black "Meduna,E"]
[Result "1/2-1/2"]
[WhiteElo "2312"]
[BlackElo "2472"]

1.c4 c6 2.Nc3 d5 3.d4 Nf6 4.e3 e6 5.Nf3 Nbd7 6.Bd3 Bd6 7.O-O O-O 8.e4 dxc4
9.Bxc4 e5 10.Bg5 h6 11.Bh4 exd4 12.Qxd4 Bc5 13.Qd1 Nb6 14.Bxf7+ Kxf7 15.Qb3+ Be6
16.Ne5+ Ke7 17.Ng6+ Kf7 18.Ne5+ Ke7 19.Ng6+ Kf7  1/2-1/2

[Event "KB Czech Open"]
[Site "Pardubice CZE"]
[Date "2002.07.21"]
[Round "3"]
[White "Kantorik,M"]
[Black "Potkin,V"]
[Result "1/2-1/2"]
[WhiteElo "2335"]
[BlackElo "2485"]

1.d4 d5 2.c4 e6 3.Nc3 c6 4.e3 Nf6 5.Nf3 Nbd7 6.Bd3 dxc4 7.Bxc4 b5 8.Be2 Bb7
9.O-O Be7 10.b3 O-O 11.Bb2 a6 12.Rc1 Rc8 13.Nd2 c5 14.Bf3 Bxf3 15.Nxf3 Qb6
16.Qe2 Rc7 17.Rfd1 cxd4 18.Nxd4 Rfc8 19.a4 bxa4 20.Nxa4 Qb7 21.Rxc7 Rxc7
22.h3 h6 23.Rc1 Rxc1+ 24.Bxc1 Nd5 25.Bb2 Bf6 26.Qc2 Nb4 27.Qd2 Nd5 28.Qc2 Nb4
29.Qd2 Nd5  1/2-1/2

[Event "EuJun"]
[Site "Baku AZE"]
[Date "2002.07.22"]
[Round "9"]
[White "Werle,J"]
[Black "Stellwagen,D"]
[Result "1/2-1/2"]
[WhiteElo "2443"]
[BlackElo "2464"]

1.Nf3 d5 2.d4 Nf6 3.c4 c6 4.Nc3 e6 5.e3 Nbd7 6.Qc2 Bd6 7.b3 O-O 8.Be2 e5
9.cxd5 cxd5 10.Nb5 Bb4+ 11.Bd2 Bxd2+ 12.Nxd2 e4 13.Rc1 Nb6 14.Qc7 Qxc7 15.Rxc7 Ne8
16.Rc5 Bd7 17.f3 f5 18.Kf2 Bc6 19.f4 Nd7 20.Rc3 Kf7 21.b4 Ke7 22.Na3 Nb6
23.Nb3 Nd6 24.Rhc1 Rfc8 25.Nc5 Rab8 26.Na6 Ra8 27.b5 Bd7 28.Nc5 Rab8  1/2-1/2

[Event "GM"]
[Site "Biel SUI"]
[Date "2002.07.22"]
[Round "1"]
[White "Korchnoi,V"]
[Black "Vallejo Pons,F"]
[Result "1-0"]
[WhiteElo "2626"]
[BlackElo "2648"]

1.d4 d5 2.c4 e6 3.Nf3 Nf6 4.Nc3 c6 5.e3 Nbd7 6.Bd3 dxc4 7.Bxc4 b5 8.Bd3 Bb7
9.O-O a6 10.a4 b4 11.Ne4 c5 12.Ned2 Be7 13.Re1 O-O 14.e4 cxd4 15.e5 Nd5 16.Nb3 Rc8
17.Qe2 Qb6 18.a5 Qa7 19.h4 Rfe8 20.h5 f5 21.exf6 Bxf6 22.Qe4 Nf8 23.Qg4 e5
24.Bd2 Qb8 25.Bf5 Rc7 26.Ng5 Qd8 27.Ne4 Bc8 28.Nbc5 Rc6 29.Nd3 h6 30.Bxb4 Be7
31.Bxe7 Rxe7 32.Ng3 Nf6 33.Qf3 Qe8 34.Nb4 Rc5 35.Ne4 Bxf5 36.Nxc5 Bg4 37.Qb3+ Kh8
38.Nd5 Nxd5 39.Qxd5 Bxh5 40.Rac1 Ng6 41.Nd3 Kh7 42.Qe4 Qd7 43.f3 Kh8 44.Rc5 Qd6
45.Rc8+ Kh7 46.g4  1-0

[Event "XVIII Open"]
[Site "Ferrol ESP"]
[Date "2002.07.22"]
[Round "6"]
[White "Rodriguez Lopez,R"]
[Black "Erice Alonso,S"]
[Result "1/2-1/2"]
[WhiteElo "2273"]
[BlackElo "2116"]

1.c4 c6 2.Nf3 d5 3.e3 Nf6 4.Nc3 e6 5.d4 Bd6 6.Qc2 O-O 7.b3 Nbd7 8.Be2 b6
9.O-O Bb7 10.Rd1 a6 11.e4 dxe4 12.Nxe4 Nxe4 13.Qxe4 Nf6 14.Qh4 h6 15.Ne5 c5
16.Bb2 Qc7 17.Nf3 Be7 18.dxc5 bxc5 19.Qg3 Qxg3 20.hxg3 Rfd8 21.Ne5 Kf8 22.Bf3 Bxf3
23.gxf3 Rxd1+ 24.Rxd1 Rd8 25.Rxd8+ Bxd8 26.Kf1 Bc7 27.Ke2 Ke7 28.Kd3 Ne8
29.f4 h5 30.Bc3 f6 31.Nf3 Kd6 32.a3 Kc6 33.b4 Bb6 34.Be1 Nd6 35.Nd2 Nf5 36.f3 Bc7
37.Ne4 cxb4 38.axb4 e5 39.fxe5 Bxe5 40.g4 hxg4 41.fxg4 Nh6 42.g5 fxg5 43.Nxg5 Ng8
44.Bc3 Bxc3 45.Kxc3 Nf6 46.Kd4 Nd7 47.Ne6 g6 48.Ng5 Nb6 49.Nf7 Kc7 50.Ne5 g5
51.Ke4 Kd6 52.Nf7+ Kc7 53.Ne5 Kd6 54.Kd4 Kc7 55.Kc5 Na4+ 56.Kd5 Nb6+ 57.Kc5 Na4+
58.Kd4 Nb6 59.Kc3 Na4+ 60.Kb3 Nb6 61.c5 Nd7 62.Ng4 Kc6 63.Kc4 Kc7 64.Kd5 Nb8
65.Ne5 Nd7 66.Ng4 Nb8 67.Kc4 Nc6 68.Kb3 Nd4+ 69.Ka4 Nc6 70.Kb3 Kd7 71.Kc4 Ke6
72.b5 axb5+ 73.Kxb5 Kd7 74.Kb6 Nd8 75.Ne5+ Kc8  1/2-1/2

[Event "KB Czech Open"]
[Site "Pardubice CZE"]
[Date "2002.07.22"]
[Round "4"]
[White "Malykin,V"]
[Black "Sandipan,C"]
[Result "1/2-1/2"]
[WhiteElo "2410"]
[BlackElo "2507"]

1.Nf3 d5 2.d4 Nf6 3.c4 e6 4.Nc3 c6 5.e3 Nbd7 6.Qc2 Bd6 7.b3 O-O 8.Be2 h6
9.O-O b6 10.Bb2 Bb7 11.Rad1 Qe7 12.Rfe1 Bb4 13.Ne5 Ne4 14.Nxd7 Qxd7 15.f3 Nxc3
16.Bxc3 Bxc3 17.Qxc3 Qe7 18.Rc1 Rfc8 19.c5 Qd8 20.f4 a5 21.Bd3 bxc5  1/2-1/2

[Event "KB Czech Open"]
[Site "Pardubice CZE"]
[Date "2002.07.22"]
[Round "4"]
[White "Zilberman,Y"]
[Black "Fridman,D"]
[Result "1/2-1/2"]
[WhiteElo "2443"]
[BlackElo "2571"]

1.d4 d5 2.c4 c6 3.e3 Nf6 4.Nc3 e6 5.Nf3 Nbd7 6.Bd3 dxc4 7.Bxc4 b5 8.Be2 Bb7
9.O-O a6 10.a3 c5 11.dxc5 Bxc5 12.b4 Be7 13.Bb2 O-O 14.Qb3 Qb6  1/2-1/2

[Event "EuJun"]
[Site "Baku AZE"]
[Date "2002.07.23"]
[Round "10"]
[White "Loetscher,R"]
[Black "Werle,J"]
[Result "1/2-1/2"]
[WhiteElo "2288"]
[BlackElo "2443"]

1.d4 d5 2.c4 c6 3.Nf3 Nf6 4.Nc3 e6 5.e3 Nbd7 6.Qc2 Bd6 7.Bd3 O-O 8.O-O dxc4
9.Bxc4 e5 10.a3 Qe7 11.h3 Nb6 12.Bd3 Re8 13.dxe5 Bxe5 14.Nxe5 Qxe5 15.f4 Qe7
16.e4 h6 17.Rf2 Nfd7 18.b4 a5 19.Rb1 axb4 20.axb4 Nf8 21.Be3 Qd8 22.Rd1 Bd7
23.e5 Nd5 24.Nxd5 cxd5 25.b5 Qc8 26.Qb3 Bf5 27.Bxf5 Qxf5 28.Rxd5 Ra1+ 29.Kh2 Rea8
30.Qc2 Qh5 31.Qe4 Re1 32.Qf3 Qxf3 33.Rxf3 Ra3 34.Bf2 Rxf3 35.gxf3 Re2 36.Kg3 f6
37.exf6 gxf6 38.Rd8 Kf7 39.Rb8 Ne6 40.f5 Ng7 41.Rxb7+ Kg8 42.Rb8+ Kf7 43.Bc5 Nxf5+
44.Kf4 Ng7 45.Kg3 Nf5+ 46.Kg4 h5+ 47.Kxf5 Re5+ 48.Kf4 Rxc5 49.b6 Rb5 50.Ke4 Kg7
51.Kd4 Rb3 52.Kc4 Rb1 53.h4 Kg6 54.Kc5 Rc1+ 55.Kd6 Rb1 56.Ke7 Kf5 57.Kf7 Kf4
58.Kxf6 Kxf3 59.Ke5 Kg4 60.Rg8+ Kxh4 61.Rg6 Kh3 62.Kd5 h4 63.Kc6 Kh2 64.b7 h3
65.Kc7 Rxb7+ 66.Kxb7 Kh1 67.Kc6 h2 68.Kd5  1/2-1/2

[Event "Capital of Siberia Open"]
[Site "Novosibirsk RUS"]
[Date "2002.07.23"]
[Round "5"]
[White "Popov,Eu"]
[Black "Pokrasenko,A"]
[Result "1-0"]
[WhiteElo "2061"]
[BlackElo "2183"]

1.d4 d5 2.c4 e6 3.Nc3 c6 4.e3 Nf6 5.Nf3 Bd6 6.Qc2 Nbd7 7.Bd3 dxc4 8.Bxc4 e5
9.h3 O-O 10.O-O Qc7 11.Rd1 a6 12.a3 b5 13.Ba2 Bb7 14.b4 a5 15.Bb2 Rad8 16.Rac1 Qb6
17.Ng5 exd4 18.Rxd4 c5 19.bxc5 Qc6 20.Bd5 Nxd5 21.Qxh7+  1-0

[Event "KB Czech Open"]
[Site "Pardubice CZE"]
[Date "2002.07.23"]
[Round "5"]
[White "Fridman,D"]
[Black "Konopka,M"]
[Result "1-0"]
[WhiteElo "2571"]
[BlackElo "2441"]

1.c4 Nf6 2.Nc3 c6 3.Nf3 d5 4.e3 e6 5.d4 Nbd7 6.Bd3 Bd6 7.O-O O-O 8.e4 dxe4
9.Nxe4 Nxe4 10.Bxe4 Qc7 11.c5 Be7 12.Bc2 b6 13.Bg5 Re8 14.Bxe7 Rxe7 15.Ng5 Nf6
16.Qd3 g6 17.Qf3 Kg7 18.Ba4 Bb7 19.Qe2 bxc5 20.Nf3 cxd4 21.Nxd4 c5 22.Nb3 Rd8
23.Rac1 Rd5 24.f3 Qb6 25.Rf2 Ba6 26.Qc2 Rc7 27.Nd2 c4 28.Nb1 Rd3 29.Nc3 Nd5
30.Qe2 Qd4 31.Bb5 Bb7 32.Qe1 Re3 33.Qd1 Qxd1+ 34.Nxd1 Re1+ 35.Rf1 Rxf1+ 36.Kxf1 Nb6
37.b3 Bd5 38.bxc4 Bxc4+ 39.Kf2 Rc5 40.a4 a6 41.Bxa6 Rd5 42.Bxc4 Nxc4 43.Ne3 Nxe3
44.Kxe3 Ra5 45.Ra1 Kf6 46.Kd4 Ke7 47.Kc4 Kd6 48.Kb4 Rd5 49.Ra2 Kc6 50.Kc3 Rc5+
51.Kd3 Rd5+ 52.Ke4 Kb6 53.Rb2+ Ka6 54.h4 h5 55.Rb5 Rd2 56.Ke5 Rxg2 57.Kf6 Rh2
58.Rb4 Ka5 59.Re4 Rh3 60.Kxf7 Rxf3+ 61.Kxg6  1-0

[Event "KB Czech Open"]
[Site "Pardubice CZE"]
[Date "2002.07.23"]
[Round "5"]
[White "Kubala,M"]
[Black "Barua,D"]
[Result "1/2-1/2"]
[WhiteElo "2354"]
[BlackElo "2542"]

1.d4 d5 2.c4 e6 3.Nc3 c6 4.e3 Nf6 5.Nf3 Nbd7 6.Bd3 Bd6 7.O-O O-O 8.e4 dxc4
9.Bxc4 e5 10.h3 Qe7 11.d5 Nc5 12.dxc6 bxc6 13.Qe2 Ne6 14.Rd1 Bc7 15.Bxe6 Bxe6
16.Bg5 h6 17.Bxf6 Qxf6 18.Na4 Rad8 19.b3 Bc8 20.Qe3 a5 21.Rac1 Rxd1+ 22.Rxd1 Rd8
23.Rxd8+ Qxd8 24.Qd2 Qe7 25.Qc3 Qd6 26.Qc5 Qxc5 27.Nxc5 Kf8 28.Nd2 Ke7 29.Nc4 g6
30.Kf1 f5 31.f3 Bd6 32.Nd3 Ba6 33.Ke2 fxe4 34.fxe4 a4 35.Kd2 axb3 36.axb3 Bxc4
37.bxc4 Bc7 38.Ke2 Ke6 39.Kf3 Bb6 40.Kg4 Be3 41.Kf3 Bd4 42.Ke2 Kd6 43.Kd1 Ke6
44.Kc2 Kf6 45.Kb3 Ke6  1/2-1/2

[Event "EuJun"]
[Site "Baku AZE"]
[Date "2002.07.24"]
[Round "11"]
[White "Esen,B"]
[Black "Davidov,S"]
[Result "1-0"]
[WhiteElo "2189"]
[BlackElo "2248"]

1.d4 Nf6 2.Nf3 d5 3.c4 e6 4.Nc3 c6 5.e3 a6 6.Qc2 b5 7.b3 Nbd7 8.Be2 Bb7 9.O-O b4
10.Na4 Bd6 11.Bb2 O-O 12.Rac1 Rc8 13.Rfd1 c5 14.Nxc5 Nxc5 15.dxc5 Bxc5 16.Ng5 g6
17.Ba1 Nd7 18.Qb2 d4 19.Nf3 Bxf3 20.Bxf3 e5 21.exd4 exd4 22.Rxd4 Bxd4 23.Qxd4 f6
24.Bd5+ Kg7 25.Be6 Rc7 26.Rd1 Qe7 27.Bd5 Ne5 28.h3 Re8 29.Qb6 Qc5 30.Bd4 Qxb6
31.Bxb6 Rd7 32.Kh2 Nf7 33.Be3 Re5 34.a3 a5 35.axb4 axb4 36.Ra1 Nd6 37.g4 Ne4
38.Ra8 h6 39.Rg8+ Kh7 40.Rb8 Nc3 41.Bf3 Nd1 42.Bxd1 Rxd1 43.Rb7+ Kg8 44.Rxb4 Rb1
45.Rb7 Re4 46.c5 Rb2 47.Kg3 Rc2 48.b4 h5 49.Kf3 f5 50.gxf5 gxf5 51.b5 Rec4
52.b6 f4 53.Bxf4 Rxc5 54.Rd7 R2c3+ 55.Kg2 Rb3 56.b7 Rcb5 57.Rd8+ Kf7 58.b8=Q Rxb8
59.Rxb8 Ra3 60.Rb5 Ra4  1-0

[Event "6th Open"]
[Site "Korinthos GRE"]
[Date "2002.07.24"]
[Round "2"]
[White "Kosic,D"]
[Black "Kakadelis,S"]
[Result "1-0"]
[WhiteElo "2537"]
[BlackElo "2237"]

1.d4 d5 2.Nf3 Nf6 3.c4 e6 4.Nc3 c6 5.e3 Bd6 6.Bd3 Nbd7 7.e4 dxe4 8.Nxe4 Nxe4
9.Bxe4 h6 10.Bc2 Qe7 11.O-O O-O 12.Qd3 Nf6 13.Ne5 Rd8 14.Qg3 Kf8 15.f4 c5
16.Bg6 cxd4 17.Nxf7 Bd7 18.Nxd8 Rxd8 19.Bd2 Bc6 20.Rae1 b5 21.cxb5 Bxb5 22.Bd3 Bc6
23.Qh3 Bd5 24.g4 Bxa2 25.g5 Ng8 26.f5 e5 27.f6 Qd7 28.Bf5 Qb7 29.gxh6 gxh6
30.Bxh6+ Ke8 31.Bg6+  1-0

[Event "KB Czech Open"]
[Site "Pardubice CZE"]
[Date "2002.07.24"]
[Round "6"]
[White "Navara,D"]
[Black "Panchenko,AG"]
[Result "1-0"]
[WhiteElo "2559"]
[BlackElo "2390"]

1.c4 e6 2.Nf3 Nf6 3.Nc3 d5 4.d4 c6 5.e3 Nbd7 6.Qc2 b6 7.Bd3 Bb7 8.O-O Be7
9.b3 O-O 10.Bb2 c5 11.cxd5 exd5 12.Rac1 Rc8 13.Qb1 a6 14.dxc5 bxc5 15.Rfd1 Re8
16.Ne2 Bd6 17.Ng3 g6 18.Bc3 Qe7 19.Rc2 h5 20.Rcd2 h4 21.Nxh4 d4 22.exd4 Nd5
23.Bc4 Nxc3 24.Qxg6+ Kh8 25.Qh6+ Kg8 26.Ng6  1-0

[Event "Battle of Senta Open"]
[Site "Senta YUG"]
[Date "2002.07.24"]
[Round "8"]
[White "Stojanovic,Mih"]
[Black "Nikolic,Stani"]
[Result "1-0"]
[WhiteElo "2463"]
[BlackElo "2328"]

1.d4 d5 2.c4 e6 3.Nc3 c6 4.e3 Nf6 5.Nf3 Nbd7 6.Qc2 Bd6 7.Bd2 Qe7 8.O-O-O dxc4
9.Bxc4 b5 10.Bd3 b4 11.Na4 c5 12.dxc5 Nxc5 13.Bxb4 Bd7 14.Bxc5 Bxc5 15.Nxc5 Rc8
16.b4 a5 17.Ba6 Rc7 18.Ne5 O-O 19.Nexd7 axb4 20.Kb1 Ra8 21.Bb7 Ra7 22.Bf3 Ne8
23.Rd4 Nd6 24.Rxb4 g6 25.Qb2 e5 26.Rc1 Rxd7 27.Nxd7 Rxd7 28.Bc6 Rc7 29.f4  1-0

[Event "Wismilak It"]
[Site "Surabaya IND"]
[Date "2002.07.24"]
[Round "4"]
[White "Barus,C"]
[Black "Kosasih,C"]
[Result "1/2-1/2"]
[WhiteElo "2456"]
[BlackElo "2422"]

1.d4 d5 2.c4 c6 3.Nc3 Nf6 4.Nf3 e6 5.e3 Nbd7 6.Qc2 Be7 7.Bd3 O-O 8.O-O b6
9.e4 dxe4 10.Nxe4 Bb7 11.Nxf6+ Nxf6 12.Rd1 h6 13.Bf4 Qc8 14.c5 Nd5 15.Bd2 bxc5
16.dxc5 Bf6 17.Qc4 Bxb2 18.Rab1 Bf6 19.Rb3 a5 20.Qe4 Rd8 21.Rdb1 Rd7 22.a4 Kf8
23.h4 Ba6 24.Bc2 Rb7 25.Bxa5 Rab8 26.Ne5 Rxb3 27.Rxb3 Rxb3 28.Bxb3 Qb7 29.Bc2 Qb2
30.Nd7+ Ke7 31.Nxf6 gxf6 32.Bd1 Qa1 33.Qc2 Qd4 34.h5 Bd3 35.Qc1 Ba6 36.Bd2 e5
37.Bf3  1/2-1/2

[Event "Capital of Siberia Open"]
[Site "Novosibirsk RUS"]
[Date "2002.07.25"]
[Round "7"]
[White "Verzhansky,A"]
[Black "Nebylitsin,N"]
[Result "0-1"]
[WhiteElo "2201"]
[BlackElo "2207"]

1.d4 d5 2.c4 e6 3.Nc3 Nf6 4.Nf3 c6 5.e3 Bd6 6.Bd3 Nbd7 7.O-O O-O 8.e4 dxe4
9.Nxe4 Nxe4 10.Bxe4 h6 11.Bc2 Qc7 12.Re1 Rd8 13.Qe2 b6 14.Ne5 Bb4 15.Rd1 Nxe5
16.dxe5 Rxd1+ 17.Bxd1 Bf8 18.Bc2 g6 19.h4 Bg7 20.Bf4 Bb7 21.h5 g5 22.Bg3 c5
23.Rd1 Rd8 24.f4 Rxd1+ 25.Qxd1 gxf4 26.Bxf4 Bxe5 27.Qg4+ Kh8 28.Bxh6 Bd4+
29.Kf1 Qh2  0-1

[Event "KB Czech Open"]
[Site "Pardubice CZE"]
[Date "2002.07.25"]
[Round "7"]
[White "Markos,J"]
[Black "Burmakin,V"]
[Result "1/2-1/2"]
[WhiteElo "2467"]
[BlackElo "2574"]

1.d4 d5 2.c4 c6 3.Nc3 Nf6 4.e3 e6 5.Nf3 Nbd7 6.Qc2 Bd6 7.Bd3 O-O 8.O-O Qe7
9.c5 Bc7 10.e4 dxe4 11.Nxe4 Nxe4 12.Bxe4 h6 13.Re1 Rd8 14.Bd2 Nf6 15.Bd3 b6
16.Rad1 bxc5 17.dxc5 a5 18.h3 Ba6 19.Bxa6 Rxa6 20.Qc4 Raa8 21.Bc3 Rd5 22.Rxd5 cxd5
23.Qd4 Qf8 24.Ne5 Bxe5 25.Qxe5 Qxc5 26.Re4 Qf8 27.Ra4 Ne4 28.Bd4 Ra6 29.b4 Nd6
30.bxa5 Nc4 31.Qc7 f6 32.a3 Kh7 33.Rb4 Nxa5 34.Bb6 Nc4 35.Bc5 Qe8 36.Rb7 Qg6
37.Bf8 Na5 38.Qxg7+ Qxg7 39.Rxg7+ Kh8 40.Rf7 Kg8 41.Bxh6 Nc4 42.h4 Rxa3 43.h5 Ra6
44.Rg7+ Kh8 45.Re7 e5 46.g4 e4 47.Bf4 Rc6 48.Kg2  1/2-1/2

[Event "KB Czech Open"]
[Site "Pardubice CZE"]
[Date "2002.07.25"]
[Round "7"]
[White "Berezjuk,S"]
[Black "Barua,D"]
[Result "1/2-1/2"]
[WhiteElo "2430"]
[BlackElo "2542"]

1.d4 d5 2.c4 e6 3.Nc3 Nf6 4.Nf3 c6 5.e3 Nbd7 6.Bd3 Bd6 7.e4 dxe4 8.Nxe4 Nxe4
9.Bxe4 h6 10.O-O O-O 11.Bc2 c5 12.b3 Qc7 13.Bb2 Rd8 14.Qe2 Nf8 15.Rad1 Bd7
16.h3 Bc6 17.d5 exd5 18.cxd5 Re8 19.Qd3 Bd7 20.Rfe1 b5 21.Ne5 c4 22.Qd4 Rxe5
23.Rxe5 Bxe5 24.Qxe5 Qxe5 25.Bxe5 Re8 26.Bc3 Rc8 27.Bb4 Ng6 28.Re1 Nf4 29.bxc4 bxc4
30.Rd1 a5 31.Bxa5 Ra8 32.Bc7 Ne2+ 33.Kf1 Nc3 34.Ra1 Nxd5 35.Be5 Nb4 36.Be4 Rxa2
37.Rxa2 Nxa2 38.Ke2 Nb4 39.Bc3 Na6 40.Bd5 Bb5 41.Ke3 Nc7 42.Kd4 Nxd5 43.Kxd5 Kh7
44.h4 h5 45.f3 Kg6 46.Ke4 f6 47.f4 Bc6+ 48.Ke3 Kf5 49.Bb2  1/2-1/2

[Event "Lost Boys Open"]
[Site "Amsterdam NED"]
[Date "2002.07.26"]
[Round "1"]
[White "Conquest,S"]
[Black "Span,P"]
[Result "0-1"]
[WhiteElo "2542"]
[BlackElo "2294"]

1.d4 d5 2.c4 c6 3.Nc3 Nf6 4.e3 e6 5.Nf3 Nbd7 6.Qc2 Bd6 7.g4 Bb4 8.Bd2 Qe7
9.Bd3 Nxg4 10.Rg1 f5 11.cxd5 cxd5 12.Bxf5 Bxc3 13.Bxg4 Bxd2+ 14.Nxd2 Nf6
15.Be2 Bd7 16.Qc7 O-O 17.Bd3 Rac8 18.Qe5 Qb4 19.Rb1 Rf7 20.a3 Qa5 21.Rg2 Bb5
22.Bxb5 Qxb5 23.Qxe6 Re8 24.Qd6 Qd3 25.Rd1 Qxd4 26.Nf3 Qxb2 27.Ng5 Rfe7 28.Kf1 Qb3
29.Re1 Qc4+ 30.Kg1 Qc7 31.Qb4 Qe5 32.Nf3 Qh5 33.Nd4 Ne4 34.Rc1 Rf7 35.Qb2 Rf6
36.Qxb7 Rg6 37.Rxg6 Qxg6+ 38.Kf1 Qh5 39.Ke1 Qg5 40.Nf3 Qf5  0-1

[Event "ch-TUR"]
[Site "Ankara TUR"]
[Date "2002.07.26"]
[Round "4"]
[White "Olcayoz,A"]
[Black "Erdogdu,M"]
[Result "1-0"]
[WhiteElo "2312"]
[BlackElo "2321"]

1.d4 d5 2.c4 c6 3.e3 Nf6 4.Nc3 e6 5.Nf3 Nbd7 6.Bd3 dxc4 7.Bxc4 b5 8.Bd3 a6
9.a4 b4 10.Ne4 Bb7 11.Nxf6+ gxf6 12.e4 c5 13.d5 exd5 14.exd5 Bxd5 15.O-O Ne5
16.Nxe5 fxe5 17.Qe2 Qd6 18.Bf4 Bg7 19.Rfe1 f6 20.Rad1 Qe6 21.Qh5+ Qf7 22.Qh3 Be6
23.Qh4 Rd8 24.Bxe5 fxe5 25.Bg6 Qxg6 26.Qxd8+ Kf7 27.Qc7+ Kg8 28.Rd8+ Bf8
29.Qe7 Qf5 30.Rxf8+ Qxf8 31.Qxe6+ Qf7 32.Qxe5  1-0

[Event "ch-TUR"]
[Site "Ankara TUR"]
[Date "2002.07.26"]
[Round "4"]
[White "Kucumenler,T"]
[Black "Asilkefeli,M"]
[Result "1/2-1/2"]
[WhiteElo "2077"]
[BlackElo "2125"]

1.d4 d5 2.c4 c6 3.Nc3 e6 4.e3 Nf6 5.Nf3 a6 6.Bd3 dxc4 7.Bxc4 b5 8.Bd3 c5
9.O-O Bb7 10.Qe2 cxd4 11.exd4 Be7 12.Bg5 O-O 13.Rad1 Re8 14.Ne5 Nc6 15.Bxf6 Bxf6
16.Bxh7+ Kf8 17.Nxc6 Bxc6 18.Be4 Rc8 19.Qf3 Bxe4 20.Nxe4 Be7 21.Qh5 Kg8 22.d5 exd5
23.Rxd5 Qb6 24.Qh3 g6 25.Re5 Bf8 26.Ng5 Bg7 27.Rxe8+ Rxe8 28.Qd7 Rf8 29.b3 Qf6
30.Qd5 Rd8 31.Qc5 Bf8 32.Qe3 Qf5 33.Nf3 Qc2 34.h4 Rd5 35.Rc1  1/2-1/2

[Event "ch-TUR"]
[Site "Ankara TUR"]
[Date "2002.07.26"]
[Round "5"]
[White "Kilicaslan,H"]
[Black "Ipek,A"]
[Result "1/2-1/2"]
[WhiteElo "2260"]
[BlackElo "2266"]

1.d4 d5 2.Nf3 Nf6 3.c4 c6 4.e3 e6 5.Nc3 Nbd7 6.Qc2 Bd6 7.Be2 O-O 8.O-O dxc4
9.Bxc4 e5 10.Rd1 Qe7 11.h3 exd4 12.exd4 Qe3 13.fxe3  1/2-1/2

[Event "Lasker Mem Open"]
[Site "Barlinek POL"]
[Date "2002.07.26"]
[Round "8"]
[White "Zschaebitz,K"]
[Black "Solodovnichenko,Y"]
[Result "0-1"]
[WhiteElo "2183"]
[BlackElo "2448"]

1.d4 Nf6 2.Nf3 d5 3.c4 c6 4.Nc3 e6 5.e3 Nbd7 6.Qc2 Bd6 7.b3 O-O 8.Be2 Qe7
9.O-O dxc4 10.bxc4 e5 11.c5 Bc7 12.Bb2 Re8 13.Rfe1 e4 14.Nd2 Nf8 15.f3 exf3
16.Bxf3 Ne6 17.Nde4 Nxe4 18.Nxe4 f5 19.Nd6 Bxd6 20.cxd6 Qxd6 21.Qb3 Kh8 22.Ba3 Qd8
23.Bh5 g6 24.Be2 h6 25.Bc4 b5 26.Bd3 a6 27.Qc3 Kh7 28.Qxc6 Ra7 29.Qd6 Rd7
30.Qg3 Bb7 31.Bb4 Qf6 32.Rad1 Ng5 33.h4 Ne4 34.Qh2 Qf7 35.Re2 Nf6 36.Bb1 Qc4
37.Rb2 Ng4 38.Qf4 Nxe3 39.h5 Nxd1 40.hxg6+ Kg7 41.Bd6 Re1+ 42.Kh2 Nxb2 43.Be5+ Kg8
44.Bxf5 Qd5 45.Qg4 Rxe5 46.Bxd7 Re4 47.Qh3 Qd6+  0-1

[Event "6th Open"]
[Site "Korinthos GRE"]
[Date "2002.07.26"]
[Round "4"]
[White "Malakhatko,V"]
[Black "Trabert,B"]
[Result "1/2-1/2"]
[WhiteElo "2516"]
[BlackElo "2320"]

1.d4 d5 2.c4 e6 3.Nf3 c6 4.e3 Nf6 5.Nc3 Nbd7 6.Bd3 dxc4 7.Bxc4 b5 8.Bd3 b4
9.Ne4 Bb7 10.Nxf6+ Nxf6 11.e4 Be7 12.O-O O-O 13.e5 Nd7 14.Qc2 h6 15.Be4 Qb6
16.Be3 c5 17.dxc5 Bxc5 18.Bxc5 Bxe4 19.Qxe4 Nxc5 20.Qc4 Rac8 21.Rac1 Qb7
22.Rfd1 a5 23.h4 Na4 24.Qd4 Rxc1 25.Rxc1 Rc8 26.Rxc8+ Qxc8 27.Kh2 Qc1  1/2-1/2

[Event "It"]
[Site "Montreal CAN"]
[Date "2002.07.26"]
[Round "2"]
[White "Barsov,A"]
[Black "Nogueiras,J"]
[Result "1-0"]
[WhiteElo "2550"]
[BlackElo "2546"]

1.d4 d5 2.c4 e6 3.Nc3 c6 4.e3 Nf6 5.Nf3 Nbd7 6.Qc2 Bd6 7.g4 h6 8.Bd2 b6 9.cxd5 exd5
10.Rg1 Qe7 11.Bd3 Bb7 12.O-O-O c5 13.Nh4 g6 14.Bxg6 fxg6 15.Nxg6 Qh7 16.Nb5 Bb8
17.Nxh8 Qxh8 18.dxc5 bxc5 19.Ba5 Qh7 20.Qxh7 Nxh7 21.Bc7 Ke7 22.Bxb8 Rxb8
23.h4 Ne5 24.f4 Nc4 25.b3 Nd6 26.Nc7 d4 27.exd4 cxd4 28.Rge1+ Kd7 29.Ne6 Rc8+
30.Kb2 Nf6 31.Nxd4 Nd5 32.Re5 Rg8 33.Nf5 Nxf5 34.Rxf5 Ke6 35.Re5+ Kd6 36.g5 hxg5
37.hxg5 Rf8 38.Rd4 Kc5 39.Ra4 Bc6 40.Rc4+ Kd6 41.Rd4 Kc5 42.Ree4 a5 43.a3 Nc7
44.Rc4+ Kb6 45.Re5 Bd7 46.Re7 Rd8 47.Rd4 Kc6 48.f5 Nd5 49.Re5 Nb6 50.f6 Rh8
51.f7  1-0

[Event "2nd Summer Open"]
[Site "Savaria HUN"]
[Date "2002.07.26"]
[Round "1"]
[White "Czebe,A"]
[Black "Varadi,Al"]
[Result "1-0"]
[WhiteElo "2480"]
[BlackElo "2041"]

1.d4 d5 2.c4 e6 3.Nc3 c6 4.e3 Nf6 5.Nf3 dxc4 6.Bxc4 b5 7.Bb3 Bb7 8.O-O Bd6
9.e4 Bc7 10.e5 Nd5 11.Ne4 Nd7 12.Qd3 a5 13.Bg5 Qb8 14.Rac1 h6 15.Bd2 Bb6
16.Nd6+ Ke7 17.Nh4 c5 18.Nxb7 Qxb7 19.Qxb5 cxd4 20.Nf5+ exf5 21.Bxd5 Qa6
22.Qc6 Rac8 23.Qd6+ Kd8 24.Bxf7  1-0

[Event "ch-TUR"]
[Site "Ankara TUR"]
[Date "2002.07.27"]
[Round "6"]
[White "Ipek,A"]
[Black "Ulucan,T"]
[Result "1/2-1/2"]
[WhiteElo "2266"]
[BlackElo "2076"]

1.d4 d5 2.Nf3 c6 3.e3 Nf6 4.c4 e6 5.Nc3 Nbd7 6.Qc2 Bd6 7.Be2 O-O 8.O-O Qe7
9.e4 dxe4 10.Nxe4 Nxe4  1/2-1/2

[Event "5th InfoScore Cup"]
[Site "Baden-Baden GER"]
[Date "2002.07.27"]
[Round "1"]
[White "Farago,I"]
[Black "Bogner,N"]
[Result "1-0"]
[WhiteElo "2502"]
[BlackElo "2140"]

1.d4 d5 2.c4 e6 3.Nf3 c6 4.e3 Nf6 5.Nc3 Be7 6.Bd3 O-O 7.b3 Nbd7 8.Bb2 Re8
9.O-O Bd6 10.Qc2 b6 11.e4 dxe4 12.Nxe4 Bf8 13.Ne5 Nxe5 14.dxe5 Ng4 15.Rad1 Qc7
16.Nd6 Re7 17.Bxh7+ Kh8 18.Be4 Rd7 19.Qe2 f5 20.exf6 Nxf6 21.Ne8 Qf4 22.Nxf6 gxf6
23.Qh5+ Kg8 24.Rxd7  1-0

[Event "Capital of Siberia Open"]
[Site "Novosibirsk RUS"]
[Date "2002.07.27"]
[Round "9"]
[White "Dobrenko,A"]
[Black "Zemtsov,R"]
[Result "1/2-1/2"]
[WhiteElo "2146"]
[BlackElo "2272"]

1.d4 d5 2.c4 e6 3.Nc3 c6 4.e3 Nf6 5.Nf3 Nbd7 6.Bd3 Bd6 7.O-O O-O 8.e4 dxe4
9.Nxe4 Nxe4 10.Bxe4 e5 11.dxe5 Nxe5 12.Nxe5 Bxe5 13.Bxh7+ Kxh7 14.Qh5+ Kg8
15.Qxe5 Re8 16.Qc3 Qc7 17.b3 Be6 18.Qg3 Qxg3 19.hxg3 a5 20.Be3 a4 21.Rfc1 Red8
22.Rd1 Kh7 23.Bc5 Kg6 24.Rab1 axb3 25.axb3 Rxd1+ 26.Rxd1 Ra2 27.Bd4 Ra3 28.Rb1 Bf5
29.Rb2 Ra1+ 30.Kh2 Rd1 31.Be3 Be6 32.f3 Rd3 33.Bb6 Kf6 34.g4 Kg5 35.Kg1 Kf6
36.Kf2 Ke7 37.Kg3 Kd7  1/2-1/2

[Event "KB Czech Open"]
[Site "Pardubice CZE"]
[Date "2002.07.27"]
[Round "9"]
[White "Schlosser,P"]
[Black "Burmakin,V"]
[Result "0-1"]
[WhiteElo "2534"]
[BlackElo "2574"]

1.d4 d5 2.c4 c6 3.Nc3 Nf6 4.e3 e6 5.Nf3 Nbd7 6.Qc2 Bd6 7.Bd3 O-O 8.O-O Re8
9.Rd1 Qe7 10.c5 Bc7 11.e4 dxe4 12.Nxe4 h6 13.Nxf6+ Nxf6 14.Re1 b6 15.b3 Nd5
16.Ba3 b5 17.Bh7+ Kh8 18.Be4 Rd8 19.Bc1 a5 20.Bd2 Qf8 21.a3 Bd7 22.h4 Be8
23.Bd3 Rd7 24.g3 Re7 25.Ne5 f6 26.Ng6+ Bxg6 27.Bxg6 f5 28.Bg5 hxg5 29.hxg5 Bf4
30.gxf4 Nxf4 31.Qd1 Rd8 32.Re5 Kg8 33.Bh5 Red7 34.Bf3 Qe7 35.Bxc6 Qxg5+ 36.Kf1 Rxd4
37.Qf3 Nd3 38.Re2 Rg4 39.Qh1 Nxc5 40.Bxb5 Nxb3  0-1

[Event "Wismilak It"]
[Site "Surabaya IND"]
[Date "2002.07.27"]
[Round "8"]
[White "Ardiansyah,H"]
[Black "Hamdani,R"]
[Result "0-1"]
[WhiteElo "2411"]
[BlackElo "2375"]

1.d4 d5 2.Nf3 c6 3.c4 Nf6 4.Nc3 e6 5.e3 Nbd7 6.Qc2 Bd6 7.Bd3 O-O 8.O-O Qe7
9.Re1 dxc4 10.Bxc4 e5 11.h3 Bc7 12.a4 e4 13.Nd2 Nb6 14.Bf1 Bf5 15.b3 Rfe8
16.Ba3 Qe6 17.a5 Nbd5 18.Nxd5 Nxd5 19.a6 b6 20.Rac1 Rac8 21.g3 Bb8 22.Bg2 h5
23.h4 Qg6 24.Qc4 Bd7 25.Qc2 Nf6 26.Nc4 Nd5 27.Nd2 Bf5 28.Qc4 Kh7 29.Nf1 Rc7
30.Rc2 Re6 31.Rec1 Rd7 32.Qa4 Rc7 33.Bb4 Bg4 34.Be1 Rc8 35.b4 b5 36.Qa2 Rd8
37.Rc5 Bf5 38.Qb3 Bc7 39.R5c2 Rd7 40.Rc5 Bd8 41.Qc2 Bb6  0-1

[Event "5th InfoScore Cup"]
[Site "Baden-Baden GER"]
[Date "2002.07.28"]
[Round "3"]
[White "Farago,I"]
[Black "Sentef,N"]
[Result "1-0"]
[WhiteElo "2502"]
[BlackElo "2171"]

1.d4 d5 2.c4 c6 3.Nc3 Nf6 4.e3 e6 5.Nf3 Nbd7 6.Qc2 Bd6 7.Bd3 dxc4 8.Bxc4 e5
9.O-O exd4 10.exd4 O-O 11.h3 h6 12.Bxh6 gxh6 13.Qg6+ Kh8 14.Qxh6+ Nh7 15.Qxd6 Nb6
16.Qxd8 Rxd8 17.Bxf7 Nf8 18.Ne5  1-0

[Event "Wismilak It"]
[Site "Surabaya IND"]
[Date "2002.07.28"]
[Round "10"]
[White "Barus,C"]
[Black "Irwanto,S"]
[Result "1-0"]
[WhiteElo "2456"]
[BlackElo "2362"]

1.d4 d5 2.c4 e6 3.Nc3 c6 4.e3 Nf6 5.Nf3 Nbd7 6.Qc2 Bd6 7.Bd3 O-O 8.O-O e5
9.cxd5 cxd5 10.e4 exd4 11.Nxd5 Nxd5 12.exd5 h6 13.Nxd4 Qh4 14.Nf3 Qh5 15.Bh7+ Kh8
16.Qf5 g5 17.h4 Ne5 18.Qf6+ Kxh7 19.Nxe5 Bxe5 20.Qxe5 f6 21.Qe4+ Qg6 22.Qxg6+ Kxg6
23.hxg5 hxg5 24.Be3 Rd8 25.Rad1 Bf5 26.Rc1 Rd7 27.Rc4 Re8 28.d6 Re4 29.Rxe4 Bxe4
30.Rd1 b6 31.b3 Kf5 32.Bc1 g4 33.Kh2 Ke6 34.Bf4 f5 35.Kg3 Rh7 36.Rc1 Bb7
37.Rc3 Rg7 38.a4 Rf7 39.b4 Rh7 40.Rc1 Rf7 41.a5 b5 42.Rc5 a6 43.Rc1 Rh7 44.Rc3 Rf7
45.f3 gxf3 46.gxf3 Rh7 47.Kf2 Rf7 48.Ke3 Rf8 49.Kd4 Rc8 50.Re3+ Kf6 51.Re7 Rc4+
52.Ke3 Bc6 53.Be5+ Kg6 54.Rg7+ Kh6 55.d7 f4+ 56.Bxf4+ Rxf4 57.Kxf4  1-0